[Event "Moscow op-E"]
[Site "Moscow"]
[Date "2011.02.05"]
[Round "8.181"]
[White "Kohanov, Boris"]
[Black "Ajnutdinov, Alexandr"]
[Result "1-0"]
[WhiteElo "1899"]
[BlackElo "2090"]
[PlyCount "75"]
[EventDate "2011.01.29"]
[EventType "swiss"]
[EventRounds "9"]
[EventCountry "RUS"]
[SourceTitle "EXT 2022"]
[Source "ChessBase"]
[SourceDate "2021.10.06"]
[SourceVersion "1"]
[SourceVersionDate "2021.10.06"]
[SourceQuality "1"]

1. e4 e5 2. Nf3 Nc6 3. Bc4 Nf6 4. d4 exd4 5. e5 d5 6. Bb5 Ne4 7. Nxd4 Bd7 8. Nxc6 bxc6 9. Bd3 Qh4 10. 0-0 Bc5 11. Bxe4 dxe4 12. Nc3 Rd8 13. Qe2 0-0 14. Nxe4 Be7 15. g3 Qh3 16. f4 Bg4 17. Qg2 Qh5 18. Be3 Rd5 19. Nc3 Rd7 20. Qxc6 Rfd8 21. Ne4 Be2 22. Rf2 Rd1+ 23. Rxd1 Rxd1+ 24. Kg2 Bf1+ 25. Rxf1 Qe2+ 26. Rf2 Qxe3 27. Qe8+ Bf8 28. Ng5 Qc5 29. Qxf7+ Kh8 30. Qf5 Qc6+ 31. Qe4 Qxe4+ 32. Nxe4 Kg8 33. Rd2 Rb1 34. c3 a5 35. Ng5 Be7 36. Ne6 c6 37. Kf3 Kf7 38. f5 1-0

[Event "Perm Rating November"]
[Site "Perm"]
[Date "2010.11.23"]
[Round "7"]
[White "Kohanov, Boris"]
[Black "Neuymina, Nadezhda"]
[Result "1/2-1/2"]
[WhiteElo "1939"]
[BlackElo "1784"]
[PlyCount "22"]
[EventDate "2010.11.15"]
[EventType "swiss"]
[EventRounds "7"]
[EventCountry "RUS"]
[SourceTitle "EXT 2022"]
[Source "ChessBase"]
[SourceDate "2021.10.06"]
[SourceVersion "1"]
[SourceVersionDate "2021.10.06"]
[SourceQuality "1"]

1. e4 c5 2. f4 Nc6 3. Nf3 e6 4. d4 cxd4 5. Nxd4 d5 6. Nc3 dxe4 7. Nxc6 Qxd1+ 8. Kxd1 bxc6 9. Nxe4 Bb7 10. Be3 Rd8+ 11. Ke2 a6 1/2-1/2

[Event "Perm Rating October"]
[Site "Perm"]
[Date "2010.10.08"]
[Round "4"]
[White "Kashin, Yury"]
[Black "Kohanov, Boris"]
[Result "1-0"]
[WhiteElo "2047"]
[BlackElo "1986"]
[PlyCount "57"]
[EventDate "2010.10.04"]
[EventType "swiss"]
[EventRounds "8"]
[EventCountry "RUS"]
[SourceTitle "EXT 2022"]
[Source "ChessBase"]
[SourceDate "2021.10.06"]
[SourceVersion "1"]
[SourceVersionDate "2021.10.06"]
[SourceQuality "1"]

1. e4 c5 2. Bc4 Nc6 3. Nf3 e6 4. Nc3 a6 5. a4 b6 6. 0-0 Bb7 7. Re1 g6 8. d3 Bg7 9. Bf4 d6 10. Qd2 Qd7 11. Ne2 Nge7 12. c3 h6 13. Ng3 0-0-0 14. d4 Na5 15. Ba2 c4 16. Qc2 g5 17. Be3 f5 18. exf5 exf5 19. Nh5 Be4 20. Qd1 Rhg8 21. b4 cxb3 22. Bxb3 Nxb3 23. Qxb3 Bxf3 24. gxf3 Qb7 25. Rab1 f4 26. Bd2 Nf5 27. Qe6+ Qd7 28. Rxb6 Nh4 29. Qd5 1-0

[Event "Perm Rating September"]
[Site "Perm"]
[Date "2010.09.23"]
[Round "4"]
[White "Antonov, Andrey P"]
[Black "Kohanov, Boris"]
[Result "1/2-1/2"]
[WhiteElo "1856"]
[BlackElo "1986"]
[PlyCount "35"]
[EventDate "2010.09.20"]
[EventType "swiss"]
[EventRounds "7"]
[EventCountry "RUS"]
[SourceTitle "EXT 2022"]
[Source "ChessBase"]
[SourceDate "2021.10.06"]
[SourceVersion "1"]
[SourceVersionDate "2021.10.06"]
[SourceQuality "1"]

1. e4 c5 2. Nf3 Nc6 3. d4 cxd4 4. Nxd4 e5 5. Nxc6 bxc6 6. Bc4 Nf6 7. Bg5 Be7 8. Bxf6 Bxf6 9. 0-0 0-0 10. Nc3 Rb8 11. Qf3 Qe7 12. Rad1 d6 13. b3 Be6 14. Bxe6 fxe6 15. Qe2 d5 16. h3 Qa3 17. Na4 Rfe8 18. exd5 1/2-1/2

[Event "Perm op 06"]
[Site "Perm"]
[Date "2010.06.30"]
[Round "9"]
[White "Kohanov, Boris"]
[Black "Syrokhvatov, Leonid V"]
[Result "0-1"]
[WhiteElo "1959"]
[BlackElo "1965"]
[PlyCount "52"]
[EventDate "2010.06.21"]
[EventType "swiss"]
[EventRounds "9"]
[EventCountry "RUS"]
[SourceTitle "CBM 137 Extra"]
[Source "ChessBase"]
[SourceDate "2010.09.01"]
[SourceVersion "1"]
[SourceVersionDate "2010.09.01"]
[SourceQuality "1"]

1. e4 c5 2. Nc3 Nc6 3. f4 g6 4. Nf3 e6 5. Bb5 Bg7 6. e5 Nge7 7. Ne4 0-0 8. Nxc5 Qb6 9. Bxc6 Qxc6 10. d4 b6 11. Nd3 Ba6 12. 0-0 Nd5 13. c3 Qc4 14. Nfe1 Rac8 15. Qg4 f6 16. Rf3 f5 17. Qg5 Qc7 18. h4 Rf7 19. h5 Ne7 20. hxg6 Nxg6 21. Bd2 Bb7 22. Rh3 Bf8 23. Nf3 Rg7 24. Qh5 Be7 25. Kf2 Be4 26. Nfe1 Qb7 0-1

[Event "Perm op 06"]
[Site "Perm"]
[Date "2010.06.28"]
[Round "7"]
[White "Losev, Anatoly"]
[Black "Kohanov, Boris"]
[Result "0-1"]
[WhiteElo "1789"]
[BlackElo "2003"]
[PlyCount "38"]
[EventDate "2010.06.21"]
[EventType "swiss"]
[EventRounds "9"]
[EventCountry "RUS"]
[SourceTitle "CBM 137 Extra"]
[Source "ChessBase"]
[SourceDate "2010.09.01"]
[SourceVersion "1"]
[SourceVersionDate "2010.09.01"]
[SourceQuality "1"]

1. e4 c5 2. Nf3 Nc6 3. Bb5 e6 4. Bxc6 bxc6 5. d3 d5 6. 0-0 Nf6 7. e5 Nd7 8. c4 Qc7 9. Qe2 Be7 10. Nc3 Nb6 11. b3 0-0 12. Bf4 a5 13. a4 Ba6 14. Bg5 h6 15. Bxe7 Qxe7 16. Rac1 Nd7 17. Kh1 Rab8 18. Qc2 f6 19. exf6 Rxf6 0-1

[Event "Perm op 06"]
[Site "Perm"]
[Date "2010.06.22"]
[Round "2"]
[White "Terenin, Leonid"]
[Black "Kohanov, Boris"]
[Result "1/2-1/2"]
[WhiteElo "2134"]
[BlackElo "1968"]
[PlyCount "54"]
[EventDate "2010.06.21"]
[EventType "swiss"]
[EventRounds "9"]
[EventCountry "RUS"]
[SourceTitle "CBM 137 Extra"]
[Source "ChessBase"]
[SourceDate "2010.09.01"]
[SourceVersion "1"]
[SourceVersionDate "2010.09.01"]
[SourceQuality "1"]

1. e4 e6 2. d4 d5 3. e5 c5 4. c3 Nc6 5. Nf3 Qb6 6. a3 a5 7. Bd3 Bd7 8. dxc5 Bxc5 9. 0-0 Nge7 10. Qe2 a4 11. c4 dxc4 12. Bxc4 Na5 13. Nc3 Nxc4 14. Qxc4 Qc6 15. Ne4 Rc8 16. Qxc5 Qxc5 17. Nxc5 Rxc5 18. Bd2 Nd5 19. Rfc1 Rxc1+ 20. Rxc1 Bc6 21. Nd4 Kd7 22. Rc4 Ra8 23. Nxc6 bxc6 24. g3 f5 25. exf6 gxf6 26. Bc3 Kd6 27. Rh4 Ra7 1/2-1/2

[Event "Perm op 04"]
[Site "Perm"]
[Date "2010.04.26"]
[Round "5"]
[White "Kohanov, Boris"]
[Black "Syrchikov, Alexander"]
[Result "0-1"]
[WhiteElo "2000"]
[BlackElo "2250"]
[PlyCount "66"]
[EventDate "2010.04.22"]
[EventType "swiss"]
[EventRounds "9"]
[EventCountry "RUS"]
[SourceTitle "EXT 2012"]
[Source "ChessBase"]
[SourceDate "2011.11.24"]
[SourceVersion "1"]
[SourceVersionDate "2011.11.24"]
[SourceQuality "1"]

1. d4 e6 2. Nf3 c5 3. c3 Be7 4. Bf4 Nf6 5. Bxb8 Rxb8 6. e3 0-0 7. Nbd2 b5 8. a3 a5 9. dxc5 Bxc5 10. Bd3 b4 11. cxb4 axb4 12. a4 Qb6 13. Nb3 Be7 14. 0-0 d5 15. Qe2 Ne4 16. Nfd2 f5 17. Nxe4 fxe4 18. Bb5 e5 19. Rac1 Bb7 20. Rc2 d4 21. exd4 exd4 22. Qc4+ Kh8 23. Qxd4 Qg6 24. g3 Rbd8 25. Qe3 Bg5 26. Qe2 e3 27. Rc4 Bf3 28. Qc2 Qxc2 29. Rxc2 exf2+ 30. Rfxf2 Rd1+ 31. Bf1 Be3 32. Na5 Bd4 33. b3 Bd5 0-1

[Event "Perm op 04"]
[Site "Perm"]
[Date "2010.04.25"]
[Round "4"]
[White "Plekhov, Oleg"]
[Black "Kohanov, Boris"]
[Result "0-1"]
[WhiteElo "2075"]
[BlackElo "2000"]
[PlyCount "94"]
[EventDate "2010.04.22"]
[EventType "swiss"]
[EventRounds "9"]
[EventCountry "RUS"]
[SourceTitle "EXT 2012"]
[Source "ChessBase"]
[SourceDate "2011.11.24"]
[SourceVersion "1"]
[SourceVersionDate "2011.11.24"]
[SourceQuality "1"]

1. d4 Nf6 2. c4 c5 3. Nf3 cxd4 4. Nxd4 Nc6 5. g3 g6 6. Bg2 Bg7 7. 0-0 0-0 8. Nc3 Qa5 9. Nc2 d6 10. Bd2 Qh5 11. e3 Qxd1 12. Rfxd1 Ne5 13. b3 Bg4 14. Rf1 Nf3+ 15. Bxf3 Bxf3 16. Nd4 Bg4 17. f3 Bd7 18. Rac1 a6 19. Rfd1 Rad8 20. Be1 Bh6 21. Bf2 Bc8 22. Rc2 d5 23. cxd5 Nxd5 24. Nxd5 Rxd5 25. Rdc1 Bd7 26. f4 Bg7 27. Rc5 Rd6 28. Rc7 Rb8 29. Kf1 e5 30. Nf3 exf4 31. exf4 Bc6 32. Ng5 f6 33. Bc5 Rd7 34. Rxd7 Bxd7 35. Nf3 Rc8 36. Be3 Rxc1+ 37. Bxc1 Kf7 38. Nd4 Bf8 39. Ke2 Bc8 40. Kd3 Ke7 41. Kc4 Kd6 42. Bb2 b5+ 43. Kd3 Kd5 44. Nf3 Bf5+ 45. Kd2 Bg4 46. Nh4 f5 47. a3 Ke4 0-1

[Event "Perm op-B 01"]
[Site "Perm"]
[Date "2010.01.23"]
[Round "3"]
[White "Legostaev, Alexander"]
[Black "Kohanov, Boris"]
[Result "1-0"]
[WhiteElo "1980"]
[BlackElo "1970"]
[PlyCount "61"]
[EventDate "2010.01.21"]
[EventType "swiss"]
[EventRounds "9"]
[EventCountry "RUS"]
[SourceTitle "EXT 2012"]
[Source "ChessBase"]
[SourceDate "2011.11.24"]
[SourceVersion "1"]
[SourceVersionDate "2011.11.24"]
[SourceQuality "1"]

1. e4 c6 2. d4 d5 3. Nc3 g6 4. Qf3 dxe4 5. Nxe4 Bg7 6. c3 Nd7 7. Bc4 Ngf6 8. Nh3 Nb6 9. Nxf6+ Bxf6 10. Bb3 a5 11. Bh6 a4 12. Bc2 Be6 13. 0-0 Nc4 14. b3 axb3 15. axb3 Nd6 16. g4 Rg8 17. Nf4 Bd7 18. Rfe1 Rxa1 19. Rxa1 Qc8 20. h3 Bg7 21. Bxg7 Rxg7 22. Qe2 Kf8 23. Re1 f6 24. f3 Qd8 25. Qe3 Nf7 26. d5 Nd6 27. c4 cxd5 28. Nxd5 e5 29. Qc5 Qb8 30. Nxf6 Bc6 31. Rd1 1-0

[Event "Gornozavodsk Europe-Asia op"]
[Site "Gornozavodsk"]
[Date "2009.11.12"]
[Round "?"]
[White "Kohanov, Boris"]
[Black "Rozhnev, Ivan"]
[Result "1-0"]
[WhiteElo "1978"]
[BlackElo "2117"]
[PlyCount "59"]
[EventDate "2009.11.07"]
[EventType "swiss"]
[EventRounds "11"]
[EventCountry "RUS"]
[SourceTitle "EXT 2012"]
[Source "ChessBase"]
[SourceDate "2011.11.24"]
[SourceVersion "1"]
[SourceVersionDate "2011.11.24"]
[SourceQuality "1"]

1. e4 c5 2. Nf3 e6 3. d4 cxd4 4. Nxd4 Nc6 5. Be3 Nf6 6. f3 d5 7. Bb5 Qb6 8. a4 a6 9. a5 Qc7 10. exd5 Nxd5 11. Bxc6+ bxc6 12. Bd2 Qe5+ 13. Ne2 Qxb2 14. Nbc3 Nb4 15. Rb1 Qa3 16. Ne4 Qxa5 17. Bc3 Qb6 18. Nd6+ Bxd6 19. Qxd6 Nxc2+ 20. Kd2 Qe3+ 21. Kxc2 Qxe2+ 22. Kc1 Qe3+ 23. Bd2 Qa7 24. Rd1 f6 25. Bf4 Kf7 26. Qxc6 e5 27. Bxe5 Be6 28. Rb7+ Qxb7 29. Qxb7+ Kg6 30. Bg3 1-0

[Event "Gornozavodsk Europe-Asia op"]
[Site "Gornozavodsk"]
[Date "2009.11.07"]
[Round "?"]
[White "Chukharev, Sergey"]
[Black "Kohanov, Boris"]
[Result "0-1"]
[WhiteElo "2327"]
[BlackElo "1978"]
[PlyCount "24"]
[EventDate "2009.11.07"]
[EventType "swiss"]
[EventRounds "11"]
[EventCountry "RUS"]
[SourceTitle "EXT 2012"]
[Source "ChessBase"]
[SourceDate "2011.11.24"]
[SourceVersion "1"]
[SourceVersionDate "2011.11.24"]
[SourceQuality "1"]

1. c4 c5 2. Nc3 Nc6 3. Nf3 e6 4. g3 a6 5. Bg2 d6 6. e3 Qc7 7. d4 Rb8 8. 0-0 g6 9. d5 Nd8 10. dxe6 Bxe6 11. b3 Bg7 12. Ng5 Bxc3 0-1

[Event "Perm op 09"]
[Site "Perm"]
[Date "2009.09.16"]
[Round "6"]
[White "Terekhin, Anatoly"]
[Black "Kohanov, Boris"]
[Result "1-0"]
[WhiteElo "2039"]
[BlackElo "1815"]
[PlyCount "120"]
[EventDate "2009.09.08"]
[EventType "swiss"]
[EventRounds "7"]
[EventCountry "RUS"]
[SourceTitle "EXT 2022"]
[Source "ChessBase"]
[SourceDate "2021.10.06"]
[SourceVersion "1"]
[SourceVersionDate "2021.10.06"]
[SourceQuality "1"]

1. e4 c6 2. d4 d5 3. Nd2 g6 4. Ngf3 Bg7 5. Be2 Bg4 6. c3 f6 7. h3 Be6 8. exd5 cxd5 9. Nb3 Nh6 10. Nc5 Bc8 11. Qb3 b6 12. Bb5+ Kf7 13. Na4 Bb7 14. Qd1 Rf8 15. b3 Kg8 16. Ba3 Nf7 17. 0-0 a6 18. Be2 Re8 19. c4 Nd7 20. c5 b5 21. Nc3 Nb8 22. Qd2 e5 23. Rad1 e4 24. Nh2 f5 25. Bc1 Nc6 26. a4 Nxd4 27. axb5 Nxb3 28. Qb2 Nxc5 29. bxa6 Bxa6 30. Bxa6 Nxa6 31. Qa3 d4 32. Ne2 Nc7 33. Qc5 Ne6 34. Qc4 Rc8 35. Qa2 d3 36. Nf4 Qd7 37. g3 Nd4 38. h4 Be5 39. Kg2 Rc2 40. Qa6 Ne2 41. Nxe2 Rxe2 42. Bd2 Rc8 43. Rfe1 Rxe1 44. Bxe1 Rc2 45. Nf1 Qc6 46. Qxc6 Rxc6 47. Bd2 Kg7 48. Ne3 Bd4 49. Nd5 Rc2 50. Kf1 Ne5 51. Be3 Bxe3 52. Nxe3 Ra2 53. Rc1 Nf3 54. h5 Nd4 55. hxg6 hxg6 56. Rc4 Ra1+ 57. Kg2 Ne6 58. Rc6 Kf7 59. Rd6 Ke7 60. Rd5 Rc1 1-0

[Event "Perm op 09"]
[Site "Perm"]
[Date "2009.09.14"]
[Round "4"]
[White "Kohanov, Boris"]
[Black "Azanov, Pavel"]
[Result "0-1"]
[WhiteElo "2007"]
[BlackElo "2000"]
[PlyCount "88"]
[EventDate "2009.09.08"]
[EventType "swiss"]
[EventRounds "7"]
[EventCountry "RUS"]
[SourceTitle "EXT 2022"]
[Source "ChessBase"]
[SourceDate "2021.10.06"]
[SourceVersion "1"]
[SourceVersionDate "2021.10.06"]
[SourceQuality "1"]

1. e4 e5 2. Nf3 Nf6 3. Nxe5 d6 4. Nf3 Nxe4 5. d4 d5 6. Bd3 Be7 7. 0-0 0-0 8. c3 c6 9. Bf4 Nd7 10. Nbd2 Ndf6 11. Qc2 Bd6 12. Bxd6 Nxd6 13. Ne5 Qc7 14. f4 g6 15. Ndf3 Bf5 16. Bxf5 Nxf5 17. Qd3 Ne4 18. Nd2 f6 19. Ng4 Rae8 20. Rae1 h5 21. Ne3 Nfd6 22. Nxe4 Rxe4 23. Nd1 Rfe8 24. Rxe4 dxe4 25. Qg3 Kf7 26. f5 g5 27. Ne3 Qd7 28. Qh3 Rh8 29. Qg3 b5 30. h4 g4 31. Qf4 Kg7 32. d5 Re8 33. Rd1 Re5 34. dxc6 Qxc6 35. Kh2 Nc4 36. Nxc4 bxc4 37. Qe3 Rxf5 38. Qxa7+ Kg6 39. Rd8 Rf1 40. Rg8+ Kf5 41. Qh7+ Ke6 42. Rd8 e3 43. Qg8+ Ke5 44. Re8+ Kf4 0-1

[Event "Perm op 09"]
[Site "Perm"]
[Date "2009.09.10"]
[Round "3"]
[White "Kohanov, Boris"]
[Black "Goldshtein, Grigory"]
[Result "1-0"]
[WhiteElo "2028"]
[BlackElo "2351"]
[PlyCount "121"]
[EventDate "2009.09.08"]
[EventType "swiss"]
[EventRounds "7"]
[EventCountry "RUS"]
[SourceTitle "EXT 2022"]
[Source "ChessBase"]
[SourceDate "2021.10.06"]
[SourceVersion "1"]
[SourceVersionDate "2021.10.06"]
[SourceQuality "1"]

1. e4 c5 2. Nf3 Nc6 3. d4 cxd4 4. Nxd4 d6 5. c4 g6 6. Nc3 Bg7 7. Be3 Nf6 8. Be2 h5 9. h3 Bd7 10. Qd2 Nxd4 11. Bxd4 0-0 12. 0-0 Bc6 13. Bd3 Qc7 14. Rae1 e5 15. Be3 a6 16. f4 Nd7 17. f5 Nc5 18. Bb1 b5 19. Bh6 Rfe8 20. Qg5 f6 21. Qxg6 Qf7 22. Qxg7+ Qxg7 23. Bxg7 Kxg7 24. cxb5 axb5 25. Rf3 b4 26. Rg3+ Kf7 27. Nd1 d5 28. exd5 Bxd5 29. b3 Red8 30. Nf2 Rg8 31. Ree3 Rxg3 32. Rxg3 e4 33. Re3 Re8 34. g4 h4 35. Kf1 Kg7 36. Ke2 Kh6 37. Nd1 Kg5 38. Nb2 Kf4 39. Kf2 Rd8 40. Re1 Bb7 41. Nc4 Ba6 42. Bc2 Bxc4 43. bxc4 Nd3+ 44. Bxd3 Rxd3 45. g5 fxg5 46. f6 Ke5 47. Rb1 Rxh3 48. Rxb4 Rf3+ 49. Kg2 g4 50. c5 Rxf6 51. Rc4 Rc6 52. Rc1 Kd4 53. Rh1 Rxc5 54. Rxh4 Rc2+ 55. Kg3 Rxa2 56. Rxg4 Ke3 57. Rg8 Ke2 58. Kf4 Ra4 59. Rg2+ Kd3 60. Rg8 Ke2 61. Rg2+ 1-0

[Event "Perm op 08"]
[Site "Perm"]
[Date "2009.08.20"]
[Round "8"]
[White "Buruchaga, Gektor"]
[Black "Kohanov, Boris"]
[Result "1-0"]
[WhiteElo "2009"]
[BlackElo "1957"]
[PlyCount "21"]
[EventDate "2009.08.11"]
[EventType "swiss"]
[EventRounds "9"]
[EventCountry "RUS"]
[SourceTitle "CBM 132 Extra"]
[Source "ChessBase"]
[SourceDate "2009.11.03"]
[SourceVersion "1"]
[SourceVersionDate "2009.11.03"]
[SourceQuality "1"]

1. e4 e5 2. Nf3 Nc6 3. Bc4 Bc5 4. b4 Bxb4 5. c3 Bc5 6. d4 exd4 7. cxd4 Bb6 8. Qb3 Qe7 9. 0-0 Nf6 10. e5 Ng4 11. Ba3 1-0

[Event "Perm op 07"]
[Site "Perm"]
[Date "2009.07.29"]
[Round "7"]
[White "Kohanov, Boris"]
[Black "Putilov, Vladimir"]
[Result "0-1"]
[WhiteElo "2033"]
[BlackElo "1979"]
[PlyCount "74"]
[EventDate "2009.07.21"]
[EventType "swiss"]
[EventRounds "9"]
[EventCountry "RUS"]
[SourceTitle "EXT 2012"]
[Source "ChessBase"]
[SourceDate "2011.11.24"]
[SourceVersion "1"]
[SourceVersionDate "2011.11.24"]
[SourceQuality "1"]

1. d4 d5 2. Nf3 Nf6 3. c3 Bf5 4. e3 e6 5. Nbd2 Bd6 6. Be2 h6 7. Qb3 b6 8. Ne5 0-0 9. h4 c5 10. g4 Bxe5 11. gxf5 cxd4 12. Nf3 Nc6 13. Nxe5 Nxe5 14. exd4 Nc6 15. fxe6 fxe6 16. Be3 Ne7 17. 0-0-0 Nf5 18. Bf4 Ne4 19. Rh2 Nxd4 20. Rxd4 Rxf4 21. f3 Nc5 22. Qd1 Qf6 23. Kb1 Re8 24. h5 Rxd4 25. cxd4 Qf5+ 26. Ka1 Nd7 27. Bb5 Re7 28. Bd3 Qf4 29. Rh1 Nf6 30. a3 Rc7 31. Ka2 Ne8 32. Bb1 Nd6 33. Re1 Qf6 34. Qd3 Nf5 35. Re5 Rc4 36. f4 Rxd4 37. Rxf5 exf5 0-1